000 01824cam a22004454i 4500
003 PE-LiUPU
005 20250731184542.0
008 150623s r 000 0 d
035 _a(Sirsi) a25970
040 _aPE-LiUPU
_bspa
_cPE-LiUPU
_erda
082 0 4 _a901
_bM77
_221
100 1 _aMontgomery, John Warwick,
_eautor.
245 1 0 _aWhere is history going? :
_bessays in support of the historical truth of the christian revelation /
_cJohn Warwick Montgomery.
264 1 _aMinneapolis, Minnesota :
_bBethany House Publishers,
_c1969.
300 _a250 páginas ;
_c21 cm.
336 _atext
_2rdacontent
337 _aunmediated
_2rdamedia
338 _avolume
_2rdacarrier
504 _aIncluye bibliografía.
505 0 _aWhere is history going?. Jesus christ and history: part. I. Jesus christ and history: part II. The christian church in McNeill's rise of the west. Karl Barth and contemporary theology of history. Tillich´s philosophy of history. Gordon clark's historical philosophy. Toward a christian philosophy of history. Afterword: Church history today.
526 _aP136
526 _aP135
526 _aP134
526 _aP133
526 _aP144
526 _aP143
526 _aP87
526 _aP35
526 _aP20
526 _aP14
526 _aP10
526 _aP06
650 0 4 _aFilosofía de la historia.
650 0 4 _aHistoria
_xCristianismo.
942 _2ddc
_cBOOK
949 _a901 M77
_wDEWEY
_c1
_i51241
_lCCODEBUL1
_mBUL
_p10.00
_r0
_sY
_tBOOK
_u2015-06-24
_xTEOLOGIA
_PP35
_0COMPRA
_o.STAFF. Colección General
596 _a1
999 _a901 M77
_wDEWEY
_c32950
_i51241
_f2021-11-11
_g5
_lCCODEBUL1
_mBUL
_p10.00
_r0
_sY
_tBOOK
_u2015-6-24
_xTEOLOGIA
_PP35
_0COMPRA
_o.STAFF. Colección General
_d32950
980 _81
_gALBERTO SANCHEZ Responsable de Automatización